| 000 | 00763nam a2200253 i 4500 | ||
|---|---|---|---|
| 001 | 91811 | ||
| 003 | ES-MaACL | ||
| 005 | 20250813110911.0 | ||
| 007 | t| | ||
| 008 | 050217s2003 sp ||||1| val d | ||
| 020 | _a84-95916-21-5 | ||
| 080 | _a001 | ||
| 245 | 0 | 4 |
_aLes fronteres de la ciència / _ccoordinació i presentació Antoni Roca Rosell y Vicent L. Salavert Fabiani. |
| 260 |
_aCatarroja : _bAfers, _c2003. |
||
| 300 |
_aP. [525]-780 ; _c21 cm. |
||
| 490 | 1 |
_aAfers ; _v46 |
|
| 595 | _aN. 46 de la revista Afers. | ||
| 650 | 7 |
_aCiencia _2embne _910929 |
|
| 700 | 1 |
_aRoca Rosell, Antoni. _998010 |
|
| 700 | 1 |
_aSalavert Fabiani, Vicent L. _9101794 |
|
| 830 | 1 |
_aAfers ; _v46 _9232000 |
|
| 852 | 4 |
_aES-MaACL _jL-28875 |
|
| 999 |
_c91811 _d91811 |
||